000 00306nam a2200121Ia 4500
008 190216s9999||||xx |||||||||||||| ||und||
100 _aGupta M C
245 0 _aStatistical Thermodynamics
260 _bNew Age International Publishers
_c1998
300 _a507p
650 _aChemistry-Chemistry
942 _cBK
999 _c3015
_d3015